Mitglieder von Interpol - Statistiken

Allgemein
  • Dieses Quiz wurde 10 mal gespielt
  • Das Durchschnittsergebnis liegt bei 105 aus 205
Antwortstatistiken
Mitgliedsstaat % Korrekt
Mexiko
89%
Vereinigtes Königreich
89%
Vereinigte Staaten
89%
Australien
78%
China
78%
Österreich
78%
Schweiz
78%
Südkorea
78%
Ägypten
67%
Andorra
67%
Argentinien
67%
Bahamas
67%
Belgien
67%
Bosnien und Herzegowina
67%
Bulgarien
67%
Chile
67%
Elfenbeinküste
67%
Estland
67%
Fidschi
67%
Finnland
67%
Frankreich
67%
Griechenland
67%
Indien
67%
Irland
67%
Island
67%
Japan
67%
Kroatien
67%
Kuba
67%
Lettland
67%
Liechtenstein
67%
Litauen
67%
Nepal
67%
Niederlande
67%
Niger
67%
Nigeria
67%
Nordmazedonien
67%
Norwegen
67%
Portugal
67%
Russland
67%
Schweden
67%
Slowakei
67%
Slowenien
67%
Spanien
67%
Südafrika
67%
Tschad
67%
Türkei
67%
Ungarn
67%
Vatikanstadt
67%
Albanien
56%
Algerien
56%
Angola
56%
Aserbaidschan
56%
Barbados
56%
Belize
56%
Benin
56%
Bhutan
56%
Botswana
56%
Brasilien
56%
Dänemark
56%
Deutschland
56%
Somalia
56%
Dominica
56%
Dominikanische Republik
56%
Dschibuti
56%
El Salvador
56%
Eritrea
56%
Eswatini
56%
Ghana
56%
Grenada
56%
Guatemala
56%
Guinea
56%
Guinea-Bissau
56%
Guyana
56%
Haiti
56%
Honduras
56%
Irak
56%
Iran
56%
Jamaika
56%
Jordanien
56%
Kambodscha
56%
Kamerun
56%
Kasachstan
56%
Kenia
56%
Lesotho
56%
Libanon
56%
Liberia
56%
Luxemburg
56%
Madagaskar
56%
Malaysia
56%
Mali
56%
Malta
56%
Marokko
56%
Mikronesien
56%
Monaco
56%
Montenegro
56%
Namibia
56%
Nicaragua
56%
Osttimor
56%
Pakistan
56%
Palau
56%
Panama
56%
Paraguay
56%
Polen
56%
Ruanda
56%
Rumänien
56%
Serbien
56%
St. Lucia
56%
Suriname
56%
Tadschikistan
56%
Thailand
56%
Togo
56%
Trinidad und Tobago
56%
Tunesien
56%
Turkmenistan
56%
Ukraine
56%
Uruguay
56%
Vanuatu
56%
Zypern
56%
Afghanistan
44%
Äquatorialguinea
44%
Armenien
44%
Äthiopien
44%
Bahrain
44%
Belarus
44%
Bolivien
44%
Brunei
44%
Burundi
44%
Costa Rica
44%
Demokratische Republik Kongo
44%
Italien
44%
Ecuador
44%
Gabun
44%
Gambia
44%
Georgien
44%
Indonesien
44%
Italien
44%
Jemen
44%
Kap Verde
44%
Katar
44%
Kirgisistan
44%
Kolumbien
44%
Kuwait
44%
Laos
44%
Libyen
44%
Malediven
44%
Mauretanien
44%
Moldau
44%
Mongolei
44%
Myanmar
44%
Nauru
44%
Neuseeland
44%
Oman
44%
Papua-Neuguinea
44%
Peru
44%
Republik Kongo
44%
Salomonen
44%
Samoa
44%
San Marino
44%
São Tomé und Príncipe
44%
Senegal
44%
Seychellen
44%
Sierra Leone
44%
Simbabwe
44%
Singapur
44%
Sri Lanka
44%
St. Kitts und Nevis
44%
St. Vincent und die Grenadinen
44%
Tansania
44%
Tonga
44%
Tschechien
44%
Uganda
44%
Usbekistan
44%
Venezuela
44%
Vereinigte Arabische Emirate
44%
Vietnam
44%
Zentralafrikanische Republik
44%
Antigua und Barbuda
33%
Bangladesch
33%
Burkina Faso
33%
Sudan
33%
Hongkong
33%
Kiribati
33%
Komoren
33%
Malawi
33%
Marshallinseln
33%
Mauritius
33%
Mosambik
33%
Palästina
33%
Philippinen
33%
Sambia
33%
Saudi-Arabien
33%
Südsudan
33%
Syrien
33%
Aruba
22%
Bermuda
22%
Curaçao
22%
Macau
22%
Anguilla
11%
Britische Jungferninseln
11%
Gibraltar
11%
Turks- und Caicosinseln
11%
Kaimaninseln
0%
Kandada
0%
Montserrat
0%
Sint Maarten
0%
Keine übereinstimmenden Quizze gefunden
Verteilung der Resultate
Anzahl Personen mit jedem Resultat
Perzentil nach korrekt beantworteten Fragen
Ihre Resultats-Entwicklung
Sie haben dieses Quiz noch nicht gespielt